|
|
|
|
| LEADER |
00000nam a22000007a 4500 |
| 005 |
20210104235924.0 |
| 007 |
cr|||| |||| |
| 008 |
210105s2016 br |||||s|||| 00||0 por d |
| 020 |
|
|
|a 978-85-64912-73-1
|
| 035 |
|
|
|a 32535
|
| 040 |
|
|
|a vLex
|
| 090 |
|
|
|c 11049
|d 11049
|
| 100 |
1 |
|
|a de Almeida Costa, Joô Batista
|
| 245 |
1 |
1 |
|a A Invenȯ̂ de Sujeitos de Direito e Processos Sociais
|h [Recurso electrn̤ico] :
|b Povos e Comunidades Tradicionais no Brasil e no Norte de Minas Gerais /
|c Joô Batista de Almeida Costa
|
| 256 |
|
|
|a Servicio en ln̕ea
|
| 260 |
|
|
|a Belo Horizonte:
|b Initia Via Editora,
|c 2016
|
| 300 |
|
|
|a 1 recurso electrn̤ico
|
| 500 |
|
|
|a Nos tempos atuais, comunidades rurais e urbanas no Brasil se visibilizaram advogando para si o reconhecimento jurd̕ico pelo Estado-Naȯ̂ dos direitos emergentes inscritos na Constituiȯ̂ de 1988, no tp̤ico em que determinou garantias aos grupos sociais que contribur̕am historicamente para a formaȯ̂ da Sociedade e da Naȯ̂ brasileiras. Em diversos campos disciplinares, os estudos desenvolvidos encontram respaldo legal, ainda que supraconstitucional, como na Convenȯ̂ 169 da Organizaȯ̂ Internacional do Trabalho que trata dos direitos dos povos caracterizados como tradicionais. Alicerȧm-se a ̕as bases a partir das quais as identidades e os processos sociais vividos nessas comunidades sô fundamentados para a compreensô de suas realidades sociais especf̕icas que contribuem para a construȯ̂ plural da sociedade brasileira
|
| 506 |
1 |
|
|a Disponible solo en los productos indicados
|d vLex Global
|d vLex Global (Academic Edition, excluding Law Schools)
|d vLex Global (U.S. Academic Edition, Law Schools)
|d vLex Global (U.S. Academic Edition, excluding Law Schools)
|d vLex Global (Academic Edition, Law Schools)
|
| 650 |
0 |
4 |
|a Derecho Pb︢lico y Administrativo
|z Brasil
|
| 650 |
0 |
4 |
|a Ciencias sociales
|z Brasil
|
| 740 |
0 |
|
|a vLex Libros (Servicio en ln̕ea)
|
| 856 |
4 |
0 |
|u http://vlex.com/source/inven-o-de-sujeitos-de-direito-e-processos-sociais-povos-e-comunidades-tradicionais-no-brasil-e-no-norte-de-minas-gerais-32535
|z Acceso restringido
|
| 942 |
|
|
|c BOOK
|
| 999 |
0 |
|
|a Public and Administrative Law
|
| 999 |
0 |
|
|a Social Sciences
|